ბათუმის შოთა რუსთაველის სახელმწიფო უნივერსიტეტის ბიბლიოთეკა

ნობელების ნავთობსარეწაო მოღვაწეობის ტრადიციები საქართველოში და თანამედროვე ნავთობსამრეწველო ტექნოლოგიები = The traditions oil work of Nobels in Georgia and the modern technologies of the oil industry / (ბიბ.ჩანაწერი № 62442)

000 -ლიდერი
ფიქსირებული სიგრძის საკონტროლო ველი 02006nam a22002417a 4500
003 - საკონტროლო ნომრის იდენტიფიკატორი
საკონტროლო ველი Ge_BSU
005 - ბოლო ოპერაციის თარიღი და დრო
საკონტროლო ველი 20241101110736.0
008 - ფიქსირებული სიგრძის მონაცემთა ელემენტები - ზოგადი ინფორმაცია
ფიქსირებული სიგრძის საკონტროლო ველი 241101s2024 ge ||||| |||| 00| 0 geo d
020 ## - წიგნის საერთაშორისო სტანდარტული ნომერი
International Standard Book Number 9789941991837
041 ## - ენის კოდი
Language code of text/sound track or separate title geo
080 ## - უნივერსალური ათობითი კლასიფიკაციის ინდექსი
Universal Decimal Classification number 622.323(068 ნობელი) მ-25
100 ## - მთავარი ჩანაწერი - პიროვნების სახელი
Personal name მამულაიშვილი, ნორა
9 (RLIN) 23592
245 ## - ცნობა სათაურის შესახებ
Title ნობელების ნავთობსარეწაო მოღვაწეობის ტრადიციები საქართველოში და თანამედროვე ნავთობსამრეწველო ტექნოლოგიები = The traditions oil work of Nobels in Georgia and the modern technologies of the oil industry /
Statement of responsibility, etc ავტორები : ნორა მამულაიშვილი, ნანა ხახუტაიშვილი, თეა ხითარიშვილი; რედაქტორი გაიოზ ფირცხალაძე.
264 ## - წარმოების, გამოცემის, დისტრიბუციის და სხვა ცნობები
გამოცემის, წარმოების, დისტრიბუციის... ადგილი თბილისი :
გამოცემის, წარმოების, დისტრიბუციის... სახელწოდება ''საჩინო'',
გამოცემის, წარმოების, დისტრიბუციის... თარიღი 2024.
500 ## - ზოგადი შენიშვნა
General note შოთა რუსთაველის საქართველოს ეროვნული სამეცნიერო ფონდის საგამომცემლო სახელმწიფო საგრანტო კონკურსში გამარჯვებული სამეცნიერო პროექტი
504 ## - BIBLIOGRAPHY, ETC. NOTE
Bibliography, etc ბიბლიოგრაფია თავების ბოლოს
653 ## - INDEX TERM--UNCONTROLLED
Uncontrolled term ნავთობის მოპოვება
653 ## - INDEX TERM--UNCONTROLLED
Uncontrolled term ნავთობის ტექნოლოგიები
700 ## - ADDED ENTRY--PERSONAL NAME
Personal name ხახუტაიშვილი, ნანა
Relator term ავტორი
9 (RLIN) 23593
700 ## - ADDED ENTRY--PERSONAL NAME
Personal name ხითარიშვილი, თეა
Relator term ავტორი
9 (RLIN) 23594
700 ## - ADDED ENTRY--PERSONAL NAME
Personal name ფირცხალაძე, გაიოზ
Relator term რედაქტორი
9 (RLIN) 23595
942 ## - ADDED ENTRY ELEMENTS (KOHA)
Source of classification or shelving scheme
Koha item type წიგნი

არაა ხელმისაწვდომი ეგზემპლარები.